[Event "Campeonato de Europa 2011 Femenino"]
[Site "Tbilisi GEO"]
[Date "2011.05.18"]
[Round "11.45"]
[White "Nikoladze, Sopio"]
[Black "Unapkoshvili, Nani"]
[Result "0-1"]
[WhiteElo "2278"]
[BlackElo "1970"]
[PlyCount "100"]
[EventDate "2011.05.07"]
[EventType "swiss"]
[EventRounds "11"]
[EventCountry "GEO"]
[Source "lmi"]
[SourceDate "2011.05.07"]

1. d4 d6 2. g3 e5 3. d5 f5 4. c4 Nf6 5. Nc3 Be7 6. Bg2 O-O 7. Nf3 Nbd7 8. O-O
e4 9. Nd4 Ne5 10. b3 c5 11. dxc6 Nxc6 12. Nc2 Be6 13. Ne3 Qa5 14. Bb2 Rfd8 15.
Ncd5 Rd7 16. Nxf6+ Bxf6 17. Bxf6 gxf6 18. Nd5 Bxd5 19. cxd5 Ne7 20. Qd4 Nxd5
21. Rfd1 Nc3 22. Qxf6 Nxd1 23. Rxd1 Rf8 24. Qe6+ Rff7 25. g4 Qe5 26. gxf5 Qxf5
27. Qxf5 Rxf5 28. Bxe4 Rg7+ 29. Kf1 Rfg5 30. e3 Rg1+ 31. Ke2 Rxd1 32. Kxd1 b6
33. Ke2 Kf7 34. Bd5+ Kf6 35. f4 Rc7 36. Be4 d5 37. Bxd5 Rc2+ 38. Kf3 Rxa2 39.
h3 b5 40. e4 a5 41. e5+ Ke7 42. Ke4 a4 43. bxa4 Rxa4+ 44. Kf5 Rd4 45. Bg8 h6
46. e6 b4 47. Ke5 Rd1 48. f5 Re1+ 49. Kd4 b3 50. Kc3 Re3+ 0-1

[Event "Campeonato de Europa 2011 Femenino"]
[Site "Tbilisi GEO"]
[Date "2011.05.18"]
[Round "11.46"]
[White "Umudova, Nargiz"]
[Black "Khalafova, Narmin Ilgar qizi"]
[Result "0-1"]
[WhiteElo "2230"]
[BlackElo "2065"]
[PlyCount "69"]
[EventDate "2011.05.07"]
[EventType "swiss"]
[EventRounds "11"]
[EventCountry "GEO"]
[Source "lmi"]
[SourceDate "2011.05.07"]

1. e4 c5 2. Nf3 d6 3. d4 Nf6 4. Nc3 cxd4 5. Nxd4 a6 6. Be2 e5 7. Nb3 Be7 8. O-O
O-O 9. f4 Nc6 10. Kh1 b5 11. f5 Bb7 12. Bf3 Na5 13. Nxa5 Qxa5 14. a3 b4 15. Na2
d5 16. axb4 Qb6 17. exd5 e4 18. Be2 Nxd5 19. c3 Bd6 20. Qe1 Rfe8 21. Qh4 e3 22.
b3 Nf6 23. Bb2 Re4 24. Qh3 Nd5 25. c4 Nf4 26. Qg3 Ng6 27. Qe1 Rh4 28. Bf3 e2
29. c5 exf1=Q+ 30. Qxf1 Bxh2 31. cxb6 Bc7+ 32. Kg1 Bxb6+ 33. Qf2 Bxf2+ 34. Kxf2
Bxf3 35. gxf3 0-1

[Event "Campeonato de Europa 2011 Femenino"]
[Site "Tbilisi GEO"]
[Date "2011.05.18"]
[Round "11.47"]
[White "Jalabadze, Natia"]
[Black "Cherednichenko, Svetlana"]
[Result "0-1"]
[WhiteElo "2052"]
[BlackElo "2297"]
[PlyCount "52"]
[EventDate "2011.05.07"]
[EventType "swiss"]
[EventRounds "11"]
[EventCountry "GEO"]
[Source "lmi"]
[SourceDate "2011.05.07"]

1. e4 e5 2. Nf3 Nc6 3. Bb5 f5 4. d3 fxe4 5. dxe4 Nf6 6. O-O Bc5 7. Qd3 Qe7 8.
Nc3 a6 9. Bc4 d6 10. Bg5 Be6 11. Bxe6 Qxe6 12. Nd5 Qf7 13. c4 Nd4 14. Nxd4 Bxd4
15. Be3 c5 16. f4 O-O 17. Nxf6+ gxf6 18. fxe5 dxe5 19. Rf3 Kh8 20. Raf1 Qe6 21.
Kh1 Bxe3 22. Qxe3 Qxc4 23. Qh6 Rf7 24. b3 Qxe4 25. Rxf6 Rg8 26. R6f3 Qe2 0-1

[Event "Campeonato de Europa 2011 Femenino"]
[Site "Tbilisi GEO"]
[Date "2011.05.18"]
[Round "11.50"]
[White "Zhorzholiani, Meri"]
[Black "Jalaghonia, Nino"]
[Result "1-0"]
[WhiteElo "2136"]
[BlackElo "1562"]
[PlyCount "95"]
[EventDate "2011.05.07"]
[EventType "swiss"]
[EventRounds "11"]
[EventCountry "GEO"]
[Source "lmi"]
[SourceDate "2011.05.07"]

1. c4 c5 2. Nc3 Nc6 3. Nf3 g6 4. g3 Bg7 5. Bg2 d6 6. d3 e6 7. O-O Nge7 8. a3
Rb8 9. Bg5 O-O 10. Qc1 Nd4 11. Nxd4 cxd4 12. Ne4 f5 13. Nd2 h6 14. Bxe7 Qxe7
15. b4 e5 16. c5 dxc5 17. Qxc5 Qxc5 18. bxc5 Be6 19. Rab1 Rfc8 20. Rfc1 Bf8 21.
Rb5 Bd7 22. c6 Bxc6 23. Bxc6 bxc6 24. Rxe5 Bxa3 25. Ra1 Bb4 26. Nc4 Rc7 27. Re6
Kg7 28. Ne5 c5 29. Rxg6+ Kh7 30. Raa6 Rb6 31. Raxb6 axb6 32. Rxb6 Ra7 33. Rf6
Ra2 34. Kf1 Ra1+ 35. Kg2 Re1 36. Kf3 Rh1 37. h4 Rf1 38. Rf7+ Kg8 39. Rxf5 Kg7
40. g4 Re1 41. h5 Ba3 42. Rf7+ Kg8 43. Rc7 Rc1 44. Rc6 Kg7 45. Rg6+ Kh7 46. Nd7
c4 47. Nf6+ Kh8 48. Rg8# 1-0

[Event "Campeonato de Europa 2011 Femenino"]
[Site "Tbilisi GEO"]
[Date "2011.05.18"]
[Round "11.51"]
[White "Asgarova, Turan Nizami qizi"]
[Black "Ikonomopoulou, Maria"]
[Result "0-1"]
[WhiteElo "1957"]
[BlackElo "2121"]
[PlyCount "84"]
[EventDate "2011.05.07"]
[EventType "swiss"]
[EventRounds "11"]
[EventCountry "GEO"]
[Source "lmi"]
[SourceDate "2011.05.07"]

1. e4 c5 2. Nf3 d6 3. d4 cxd4 4. Nxd4 Nf6 5. Nc3 a6 6. Be2 e5 7. Nb3 Be7 8. O-O
O-O 9. a4 Be6 10. f4 Qb6+ 11. Kh1 Bxb3 12. cxb3 Nc6 13. f5 Qd4 14. Bf3 Rac8 15.
Qe2 Na5 16. Be3 Qb4 17. g4 Bd8 18. g5 Nd7 19. f6 Nxb3 20. fxg7 Kxg7 21. Bg4
Nxa1 22. Bf5 Qc4 23. Qf3 Nc2 24. Qh3 Qxf1+ 25. Qxf1 Nxe3 26. Qh3 Nxf5 27. Qxf5
Rxc3 28. bxc3 Nc5 29. h4 f6 30. Qg4 fxg5 31. hxg5 Rf4 32. Qc8 Be7 33. a5 Rf7
34. Qg4 Nb3 35. Qe6 Nxa5 36. c4 Nb3 37. Qh6+ Kg8 38. g6 Rg7 39. Qh3 Nc5 40.
Qc8+ Bf8 41. gxh7+ Rxh7+ 42. Kg2 Nxe4 0-1

[Event "Campeonato de Europa 2011 Femenino"]
[Site "Tbilisi GEO"]
[Date "2011.05.18"]
[Round "11.52"]
[White "Khomeriki, Nino"]
[Black "Bokuchava, Madona"]
[Result "1-0"]
[WhiteElo "1832"]
[BlackElo "2115"]
[PlyCount "55"]
[EventDate "2011.05.07"]
[EventType "swiss"]
[EventRounds "11"]
[EventCountry "GEO"]
[Source "lmi"]
[SourceDate "2011.05.07"]

1. Nf3 Nf6 2. d4 e6 3. e3 b6 4. Bd3 Bb7 5. O-O Be7 6. b3 O-O 7. Bb2 c5 8. Nbd2
Nc6 9. a3 Rc8 10. Qe2 Qc7 11. c4 cxd4 12. exd4 d5 13. Rac1 dxc4 14. bxc4 Qf4
15. Qe3 Bd6 16. Bb1 Na5 17. Qd3 Rfd8 18. d5 e5 19. Nxe5 Ba6 20. g3 Qh6 21. Ndf3
Bxe5 22. Nxe5 Nxd5 23. Ng4 Qh3 24. Qd4 f6 25. cxd5 Nb3 26. Nxf6+ gxf6 27. Qxf6
Nxc1 28. Qg7# 1-0

[Event "Campeonato de Europa 2011 Femenino"]
[Site "Tbilisi GEO"]
[Date "2011.05.18"]
[Round "11.53"]
[White "Martirosyan, Lia"]
[Black "Shamatava, Ana"]
[Result "1/2-1/2"]
[WhiteElo "2093"]
[BlackElo "1917"]
[PlyCount "107"]
[EventDate "2011.05.07"]
[EventType "swiss"]
[EventRounds "11"]
[EventCountry "GEO"]
[Source "lmi"]
[SourceDate "2011.05.07"]

1. Nf3 Nf6 2. b3 d5 3. Bb2 Bf5 4. g3 e6 5. Bg2 c5 6. O-O h6 7. d3 Be7 8. Nbd2
O-O 9. Ne5 Nbd7 10. e4 dxe4 11. dxe4 Bh7 12. Qe2 Nxe5 13. Bxe5 Nd7 14. Bb2 Qc7
15. f4 Rad8 16. a4 e5 17. Nc4 exf4 18. gxf4 Rfe8 19. Kh1 Bf8 20. f5 f6 21. Rad1
Kh8 22. Bc1 Bg8 23. Ne3 Ne5 24. Nd5 Bxd5 25. exd5 Bd6 26. Qh5 Nf7 27. Rde1 Be5
28. c4 Kg8 29. Bf3 Bc3 30. Re6 Rf8 31. Qg6 Ng5 32. Bxg5 fxg5 33. Bh5 Be5 34.
Re1 Bf6 35. Re8 Rdxe8 36. Rxe8 Qd7 37. Re6 a6 38. Kg2 b5 39. Bf3 bxc4 40. bxc4
Qxa4 41. d6 Qc2+ 42. Re2 Qxc4 43. d7 g4 44. Qxg4 Qxg4+ 45. Bxg4 Rd8 46. Re8+
Kf7 47. Bh5+ g6 48. fxg6+ Kg7 49. Re6 Rxd7 50. Rxa6 Rc7 51. Bf3 Kxg6 52. Rc6
Rxc6 53. Bxc6 Kf5 54. Kf3 1/2-1/2

[Event "Campeonato de Europa 2011 Femenino"]
[Site "Tbilisi GEO"]
[Date "2011.05.18"]
[Round "11.54"]
[White "Kakutia, Ada"]
[Black "Semenova, Elena"]
[Result "1-0"]
[WhiteElo "1727"]
[BlackElo "2188"]
[PlyCount "89"]
[EventDate "2011.05.07"]
[EventType "swiss"]
[EventRounds "11"]
[EventCountry "GEO"]
[Source "lmi"]
[SourceDate "2011.05.07"]

1. e4 e5 2. Nc3 Nf6 3. Nf3 Nc6 4. d4 exd4 5. Nxd4 Bb4 6. Nxc6 bxc6 7. Bd3 d6 8.
O-O Ng4 9. Bf4 Qf6 10. Qd2 h6 11. a3 Ba5 12. Rad1 Be6 13. h3 Ne5 14. Kh1 O-O
15. Nd5 cxd5 16. Bxe5 Qxe5 17. Qxa5 dxe4 18. Qxe5 dxe5 19. Bxe4 Rab8 20. b4
Rfd8 21. Rfe1 Rxd1 22. Rxd1 Kf8 23. Rd3 Ke7 24. Rc3 Kd7 25. Rc5 Rb6 26. Bd3 Kd6
27. Ra5 Rc6 28. Rxa7 Kd5 29. f3 f5 30. Ra6 Rc3 31. a4 Bd7 32. Ra8 Bc6 33. Ra5+
Kd4 34. Bxf5 e4 35. fxe4 Rxc2 36. Ra6 Ke5 37. b5 Bb7 38. Ra7 Bxe4 39. Bxe4 Kxe4
40. a5 Kf4 41. Kh2 g5 42. a6 Rc5 43. Ra8 g4 44. Rf8+ Ke4 45. a7 1-0

[Event "Campeonato de Europa 2011 Femenino"]
[Site "Tbilisi GEO"]
[Date "2011.05.18"]
[Round "11.55"]
[White "Fataliyeva, Ulviyya Hasil qizi"]
[Black "Kobeshavidze, Lika"]
[Result "0-1"]
[WhiteElo "2105"]
[BlackElo "1988"]
[PlyCount "68"]
[EventDate "2011.05.07"]
[EventType "swiss"]
[EventRounds "11"]
[EventCountry "GEO"]
[Source "lmi"]
[SourceDate "2011.05.07"]

1. e4 c6 2. d4 g6 3. Bd3 d5 4. exd5 cxd5 5. c3 Bg7 6. Qc2 Nf6 7. Bf4 Nc6 8. h3
O-O 9. Nf3 Nd7 10. Nbd2 f6 11. Qb3 Nb6 12. O-O-O e5 13. dxe5 fxe5 14. Bg5 Qd6
15. Be3 Kh8 16. Bb1 Be6 17. Qb5 Nd4 18. Qf1 Rac8 19. Nb3 Nxf3 20. gxf3 d4 21.
Bc2 Qc7 22. Nxd4 exd4 23. Bxd4 Bc4 24. Qe1 Rfe8 25. Be4 Bxa2 26. Qd2 Bb3 27.
Rdg1 Rcd8 28. Bxg7+ Qxg7 29. Qg5 Nd5 30. h4 Nxc3 31. bxc3 Qxc3+ 32. Kb1 Rd2 33.
Qxd2 Qxd2 34. h5 Rc8 0-1

[Event "Campeonato de Europa 2011 Femenino"]
[Site "Tbilisi GEO"]
[Date "2011.05.18"]
[Round "11.57"]
[White "Trapaidze, Lizi"]
[Black "Kharatyan, Anahit"]
[Result "0-1"]
[WhiteElo "1744"]
[BlackElo "2064"]
[PlyCount "90"]
[EventDate "2011.05.07"]
[EventType "swiss"]
[EventRounds "11"]
[EventCountry "GEO"]
[Source "lmi"]
[SourceDate "2011.05.07"]

1. e4 e5 2. Nc3 Be7 3. g3 d6 4. Bg2 Be6 5. Nge2 Nc6 6. d3 Qd7 7. Nd5 O-O-O 8.
Be3 f5 9. Qd2 Bf8 10. O-O-O h6 11. f4 g6 12. d4 Bg7 13. Qe1 Qf7 14. Ndc3 exd4
15. Nxd4 Nxd4 16. Bxd4 Bxd4 17. Rxd4 fxe4 18. Qxe4 c6 19. Rxd6 Rxd6 20. Qe5 Rd8
21. Qxh8 Bxa2 22. Qe5 Be6 23. Re1 Bf5 24. Qa5 a6 25. Na4 Qc7 26. Nb6+ Kb8 27.
Qc5 Nf6 28. Re7 Qd6 29. Qxd6+ Rxd6 30. c4 Re6 31. Rxe6 Bxe6 32. c5 Ka7 33. Kd2
Bf5 34. b4 h5 35. Nc4 Ng4 36. h4 Nf6 37. Nd6 b6 38. Nxf5 gxf5 39. Kc3 bxc5 40.
bxc5 a5 41. Bf3 Ne4+ 42. Bxe4 fxe4 43. g4 hxg4 44. h5 g3 45. h6 g2 0-1

[Event "Campeonato de Europa 2011 Femenino"]
[Site "Tbilisi GEO"]
[Date "2011.05.18"]
[Round "11.59"]
[White "Alexanian, Nelli"]
[Black "Gogishvili, Dea"]
[Result "1-0"]
[WhiteElo "2141"]
[BlackElo "1856"]
[PlyCount "97"]
[EventDate "2011.05.07"]
[EventType "swiss"]
[EventRounds "11"]
[EventCountry "GEO"]
[Source "lmi"]
[SourceDate "2011.05.07"]

1. d4 d5 2. c4 e6 3. Nf3 c6 4. Nbd2 f5 5. g3 Nf6 6. Bg2 Be7 7. O-O O-O 8. b3
Ne4 9. Bb2 Nd7 10. Qc1 Ndf6 11. Ne5 Bd7 12. f3 Nd6 13. Ba3 Be8 14. Rd1 Nf7 15.
Bxe7 Qxe7 16. Nxf7 Qxf7 17. f4 Qe7 18. Nf3 Bh5 19. Re1 Ne4 20. Ne5 h6 21. Bf3
Bf7 22. c5 g5 23. Rb1 Kh7 24. b4 a6 25. a4 Rg8 26. Bxe4 fxe4 27. fxg5 Rxg5 28.
Rf1 Bh5 29. Rf4 Rag8 30. Qe3 Be8 31. Rbf1 R8g7 32. Kh1 Bg6 33. Rb1 Rf5 34. Rxf5
Bxf5 35. b5 axb5 36. axb5 Qe8 37. bxc6 bxc6 38. Rb6 Bh3 39. Rxc6 Ra7 40. Qg1
Ra2 41. Rc7+ Kg8 42. Nc6 Qa8 43. Rc8+ Qxc8 44. Ne7+ Kf7 45. Nxc8 Rxe2 46. Nb6
Ke7 47. Qc1 Rf2 48. c6 e3 49. Nxd5+ 1-0

[Event "Campeonato de Europa 2011 Femenino"]
[Site "Tbilisi GEO"]
[Date "2011.05.18"]
[Round "11.60"]
[White "Novkovic, Julia"]
[Black "Rizhamadze, Patman"]
[Result "1/2-1/2"]
[WhiteElo "2120"]
[BlackElo "2052"]
[PlyCount "89"]
[EventDate "2011.05.07"]
[EventType "swiss"]
[EventRounds "11"]
[EventCountry "GEO"]
[Source "lmi"]
[SourceDate "2011.05.07"]

1. e4 c5 2. Nf3 d6 3. d4 cxd4 4. Nxd4 Nf6 5. Nc3 g6 6. Be3 Bg7 7. f3 O-O 8. Qd2
Nc6 9. g4 a6 10. O-O-O Ne5 11. h4 b5 12. h5 b4 13. Nb1 a5 14. hxg6 fxg6 15. g5
Nh5 16. f4 Ng4 17. Bc4+ Kh8 18. f5 Nxe3 19. Qxe3 Qb6 20. Rd3 Be5 21. Qg1 Ba6
22. Nd2 d5 23. Bxa6 dxe4 24. Nxe4 Rxa6 25. Ne6 Qxg1+ 26. Rxg1 Rc8 27. Rgd1 Raa8
28. Rd5 gxf5 29. Rxe5 fxe4 30. Rd7 Ng3 31. Kd2 a4 32. Nc7 Rd8 33. Rexe7 Rxd7+
34. Rxd7 Rf8 35. Ne6 Re8 36. Rd6 e3+ 37. Ke1 Kg8 38. Rb6 b3 39. axb3 axb3 40.
Nd4 Rf8 41. Rf6 Rxf6 42. gxf6 bxc2 43. Nxc2 Kf7 44. Nxe3 Kxf6 45. Kd2 1/2-1/2

[Event "Campeonato de Europa 2011 Femenino"]
[Site "Tbilisi GEO"]
[Date "2011.05.18"]
[Round "11.61"]
[White "Skrabakova, Katarina"]
[Black "Mumladze, Maia"]
[Result "0-1"]
[WhiteElo "2071"]
[BlackElo "1517"]
[PlyCount "108"]
[EventDate "2011.05.07"]
[EventType "swiss"]
[EventRounds "11"]
[EventCountry "GEO"]
[Source "lmi"]
[SourceDate "2011.05.07"]

1. e4 d5 2. exd5 Nf6 3. c4 c6 4. d4 cxd5 5. Nc3 Nc6 6. Bg5 dxc4 7. d5 Ne5 8.
Qd4 Nd3+ 9. Bxd3 cxd3 10. Nf3 g6 11. Bxf6 exf6 12. O-O Be7 13. Rfe1 O-O 14. Ne4
Qb6 15. Qxd3 f5 16. Ned2 Bc5 17. Re2 Bd7 18. Nc4 Qa6 19. Qc3 Bb5 20. b3 Rac8
21. Rd1 Rfd8 22. Nfe5 Bf8 23. Qc1 Bg7 24. Rc2 Rc5 25. Nf3 Rcxd5 26. Rxd5 Rxd5
27. Ne3 Rd8 28. Rc7 f4 29. Nc4 Qxa2 30. Rxb7 Qxb3 31. Ncd2 Qa4 32. h3 a6 33.
Qc7 Rd7 34. Qc8+ Bf8 35. Rb8 Qa3 36. Ne4 Kg7 37. Nc3 Qc5 38. Qxc5 Bxc5 39. Nxb5
axb5 40. Kf1 b4 41. Rb5 Rc7 42. Ke2 Bd6 43. Nd2 Rc8 44. Ne4 Bf8 45. Kd3 Rc1 46.
Ke2 h6 47. Kf3 g5 48. Rb6 Rb1 49. Kg4 Re1 50. Kf3 Be7 51. Rb7 Bf8 52. Rb6 Rd1
53. Kg4 Rd4 54. Kf3 f5 0-1

[Event "Campeonato de Europa 2011 Femenino"]
[Site "Tbilisi GEO"]
[Date "2011.05.18"]
[Round "11.63"]
[White "Choladze, Mariam"]
[Black "Tedoshvili, Ana"]
[Result "1-0"]
[WhiteElo "1818"]
[BlackElo "1469"]
[PlyCount "75"]
[EventDate "2011.05.07"]
[EventType "swiss"]
[EventRounds "11"]
[EventCountry "GEO"]
[Source "lmi"]
[SourceDate "2011.05.07"]

1. e4 e6 2. d4 d5 3. Nd2 dxe4 4. Nxe4 Nf6 5. Bd3 Nbd7 6. Nf3 Nxe4 7. Bxe4 Nf6
8. Bd3 h6 9. O-O Bd6 10. Qe2 O-O 11. Ne5 c6 12. f4 c5 13. dxc5 Bxc5+ 14. Kh1
Qc7 15. Be3 Bxe3 16. Qxe3 b6 17. Rad1 Bb7 18. f5 Rae8 19. Qg3 Nh5 20. Qg4 Qxe5
21. Qxh5 exf5 22. Qxf5 Qxf5 23. Rxf5 Be4 24. Rf2 Bxd3 25. cxd3 Re3 26. Kg1 Rd8
27. Rfd2 Kf8 28. Kf2 Re5 29. d4 Red5 30. Ke3 f6 31. Rc1 R5d7 32. Rc4 Ke7 33.
Ke4 Kd6 34. d5 Rc7 35. Rc6+ Kd7 36. Kf5 Re8 37. Kg6 Re7 38. Rxc7+ 1-0

[Event "Campeonato de Europa 2011 Femenino"]
[Site "Tbilisi GEO"]
[Date "2011.05.18"]
[Round "11.64"]
[White "Boyard, Marie"]
[Black "Javakhishvili, Mariam"]
[Result "1-0"]
[WhiteElo "1989"]
[BlackElo "1491"]
[PlyCount "49"]
[EventDate "2011.05.07"]
[EventType "swiss"]
[EventRounds "11"]
[EventCountry "GEO"]
[Source "lmi"]
[SourceDate "2011.05.07"]

1. e4 e5 2. d4 exd4 3. Qxd4 Nc6 4. Qe3 d6 5. Nc3 Nf6 6. f3 Be7 7. Bd2 Nb4 8.
O-O-O c6 9. Nge2 a5 10. a3 Na6 11. Na4 c5 12. Nec3 O-O 13. g4 Bd7 14. g5 Ne8
15. f4 Bg4 16. Be2 Bxe2 17. Qxe2 Nac7 18. Be3 Ne6 19. Nxc5 Nxc5 20. Bxc5 Rc8
21. Be3 f6 22. g6 h6 23. f5 Rf7 24. gxf7+ Kxf7 25. Qh5+ 1-0